Largest Towns in Kronoberg - Statistics

General Stats
  • This quiz has been taken 21 times
  • The average score is 6 of 20
Answer Stats
Population Town % Correct
71,282 Växjö
100%
16,098 Ljungby
69%
11,003 Älmhult
50%
9,255 Alvesta
44%
3,059 Lessebo
44%
3,197 Tingsryd
44%
5,123 Markaryd
38%
1,751 Lammhult
31%
1,450 Ryd
31%
1,831 Vislanda
31%
1,863 Moheda
25%
1,779 Braås
19%
3,202 Hovmantorp
19%
2,740 Åseda
13%
1,538 Gemla
13%
1,894 Ingelstad
13%
1,642 Lagan
13%
1,769 Lenhovda
13%
2,434 Rottne
13%
2,354 Strömsnäsbruk
13%
No matching quizzes found
Score Distribution
Percent of People with Each Score
Percentile by Number Answered
Your Score History
You have not taken this quiz